[Event "COL-ch Amateurs U1700"]
[Site "Honda"]
[Date "2025.05.24"]
[Round "7"]
[White "Triana Castro, Francisco Javier"]
[Black "Remicio Gomez, Joshua Santiago"]
[Result "1-0"]
[WhiteElo "1567"]
[BlackElo "1699"]
[PlyCount "37"]
[EventDate "2025.05.22"]
[EventType "swiss"]
[EventRounds "7"]
[EventCountry "COL"]
[SourceTitle "CB22_2025"]
[SourceDate "2025.05.28"]
[SourceVersion "1"]
[SourceVersionDate "2025.05.28"]
[SourceQuality "1"]

1. d4 d5 2. c3 Nf6 3. Bg5 h6 4. Bh4 c5 5. e3 e6 6. Bd3 Nbd7 7. Nd2 Bd6 8. Ne2 Qc7 9. Bxf6 Nxf6 10. g3 0-0 11. f4 Ng4 12. Nf1 f5 13. Ng1 c4 14. Be2 Nf6 15. Nd2 g5 16. Ngf3 Ng4 17. Nf1 gxf4 18. gxf4 Kh7 19. h3 1-0

[Event "Medellin Sub zt 2.3.2"]
[Site "Medellin"]
[Date "2025.04.18"]
[Round "7"]
[White "Remicio Gomez, Joshua Santiago"]
[Black "Beltran Grizales, Daniel Eduardo"]
[Result "1-0"]
[WhiteElo "1663"]
[BlackElo "1738"]
[PlyCount "61"]
[EventDate "2025.04.14"]
[EventType "swiss"]
[EventRounds "9"]
[EventCountry "COL"]
[SourceTitle "CB18_2025"]
[SourceDate "2025.04.30"]
[SourceVersion "1"]
[SourceVersionDate "2025.04.30"]
[SourceQuality "1"]

1. e4 e5 2. Nf3 Nc6 3. Bc4 Nf6 4. d3 h6 5. c3 d5 6. exd5 Nxd5 7. Qb3 Na5 8. Qb5+ c6 9. Qa4 b5 10. Bxb5 cxb5 11. Qxb5+ Ke7 12. Nxe5 Kf6 13. d4 a6 14. Qe2 Be6 15. Qf3+ Ke7 16. b4 Rc8 17. bxa5 Qxa5 18. 0-0 Qc7 19. c4 Nb6 20. Nd2 Kd8 21. c5 Bxc5 22. dxc5 Qxe5 23. cxb6 Qxa1 24. b7 Rb8 25. Nb3 Qf6 26. Bf4 Ke7 27. Na5 Bd5 28. Re1+ Kf8 29. Qa3+ Kg8 30. Bxb8 Kh7 31. Qd3+ 1-0

[Event "Medellin Sub zt 2.3.2"]
[Site "Medellin"]
[Date "2025.04.14"]
[Round "1"]
[White "Remicio Gomez, Joshua Santiago"]
[Black "Loaiza Cuervo, Santiago"]
[Result "0-1"]
[WhiteElo "1663"]
[BlackElo "1985"]
[PlyCount "70"]
[EventDate "2025.04.14"]
[EventType "swiss"]
[EventRounds "9"]
[EventCountry "COL"]
[SourceTitle "CB18_2025"]
[SourceDate "2025.04.30"]
[SourceVersion "1"]
[SourceVersionDate "2025.04.30"]
[SourceQuality "1"]

1. e4 c5 2. Nf3 d6 3. d4 cxd4 4. Nxd4 Nf6 5. Nc3 a6 6. f3 e5 7. Nb3 Be7 8. Be3 Be6 9. Qd2 h5 10. Nd5 Bxd5 11. exd5 Qc7 12. 0-0-0 Nbd7 13. c4 a5 14. Kb1 a4 15. Nc1 Qa5 16. Qf2 Bd8 17. Ne2 Bb6 18. Nc3 Bxe3 19. Qxe3 Qc5 20. Qd2 0-0 21. Nb5 e4 22. Qf4 Ne5 23. fxe4 Nfg4 24. Rd2 Ne3 25. Na3 Rac8 26. h3 b5 27. Nc2 Nxf1 28. Rxf1 bxc4 29. Ne1 c3 30. Rc2 Rb8 31. Qc1 cxb2 32. Rxb2 Nc4 33. Nd3 Qd4 34. Rf3 Nxb2 35. Nxb2 Rfc8 0-1

[Event "Santiago de Cali U2000 op"]
[Site "Cali"]
[Date "2024.12.29"]
[Round "5"]
[White "Molina Vivas, Joshua"]
[Black "Remicio Gomez, Joshua Santiago"]
[Result "0-1"]
[WhiteElo "1461"]
[BlackElo "1687"]
[PlyCount "68"]
[EventDate "2024.12.27"]
[EventType "swiss"]
[EventRounds "7"]
[EventCountry "COL"]
[SourceTitle "CB01_2025"]
[SourceDate "2025.01.01"]
[SourceVersion "1"]
[SourceVersionDate "2025.01.01"]
[SourceQuality "1"]

1. e4 c5 2. Nf3 d6 3. d4 cxd4 4. Nxd4 Nf6 5. Nc3 a6 6. Be2 e5 7. Nb3 Be6 8. 0-0 Be7 9. f4 exf4 10. Bxf4 Nc6 11. Kh1 0-0 12. Qe1 h6 13. Qg3 Kh8 14. Rad1 Ne8 15. Nc5 Qb6 16. Nxe6 fxe6 17. Na4 Qb4 18. Qb3 Qxb3 19. axb3 e5 20. Nb6 Rd8 21. Be3 Nf6 22. Bf3 Nb4 23. c3 Nc6 24. Nd5 Rf7 25. Bb6 Rdf8 26. Nxe7 Nxe7 27. Kg1 d5 28. exd5 Nfxd5 29. Bxd5 Rxf1+ 30. Rxf1 Rxf1+ 31. Kxf1 Nxd5 32. Bc5 Kg8 33. Ke2 Kf7 34. g3 g6 0-1

[Event "Medellin Flores op 30th"]
[Site "Medellin"]
[Date "2023.08.03"]
[Round "1"]
[White "Remicio Gomez, Joshua Santiago"]
[Black "Cordoba Perez, Jeronimo"]
[Result "0-1"]
[WhiteElo "1381"]
[BlackElo "1935"]
[PlyCount "36"]
[EventDate "2023.08.03"]
[EventType "swiss"]
[EventRounds "9"]
[EventCountry "COL"]
[SourceTitle "EXT 2024"]
[Source "ChessBase"]
[SourceDate "2023.10.10"]
[SourceVersion "1"]
[SourceVersionDate "2023.10.10"]
[SourceQuality "1"]

1. e4 e6 2. d4 d5 3. exd5 exd5 4. c4 Nf6 5. Nc3 Bb4 6. Bd2 0-0 7. Bd3 dxc4 8. Bxc4 Qxd4 9. Qb3 Nc6 10. Nf3 Qb6 11. 0-0 Na5 12. Na4 Nxb3 13. Nxb6 Nxd2 14. Nxa8 Nxf1 15. Bxf1 Bd6 16. Rc1 Bg4 17. Nxc7 Rc8 18. Nb5 Rxc1 0-1

[Event "Florencia Caqueta-ch"]
[Site "Florencia"]
[Date "2021.04.02"]
[Round "5"]
[White "Remicio Gomez, Joshua Santiago"]
[Black "Rojas Guevara, Sebastian"]
[Result "1-0"]
[WhiteElo "1257"]
[BlackElo "1379"]
[PlyCount "59"]
[EventDate "2021.03.30"]
[EventType "swiss"]
[EventRounds "6"]
[EventCountry "COL"]
[SourceTitle "EXT 2022"]
[Source "ChessBase"]
[SourceDate "2021.10.06"]
[SourceVersion "1"]
[SourceVersionDate "2021.10.06"]
[SourceQuality "1"]

1. e4 e5 2. Nf3 Nc6 3. Bc4 f5 4. d3 Be7 5. 0-0 Nf6 6. Re1 d6 7. Nc3 f4 8. d4 Bg4 9. d5 Nd4 10. Be2 h5 11. h3 Bxf3 12. Bxf3 g5 13. Bd2 Qd7 14. Be2 g4 15. Kh2 Rg8 16. Bxf4 Nxe2 17. Nxe2 exf4 18. Nxf4 h4 19. Re3 g3+ 20. fxg3 hxg3+ 21. Rxg3 Rxg3 22. Kxg3 Nxe4+ 23. Kh2 Qf5 24. Ne6 Qe5+ 25. Kg1 Kd7 26. Qg4 Nf6 27. Nc5+ Ke8 28. Qg6+ Kf8 29. Ne6+ Qxe6 30. dxe6 1-0

[Event "COL-ch U10"]
[Site "Bogota"]
[Date "2021.03.27"]
[Round "5"]
[White "Luna Monsalve, Sofia"]
[Black "Remicio Gomez, Joshua Santiago"]
[Result "1-0"]
[WhiteElo "1182"]
[BlackElo "1257"]
[PlyCount "35"]
[EventDate "2021.03.24"]
[EventType "swiss"]
[EventRounds "7"]
[EventCountry "COL"]
[SourceTitle "EXT 2022"]
[Source "ChessBase"]
[SourceDate "2021.10.06"]
[SourceVersion "1"]
[SourceVersionDate "2021.10.06"]
[SourceQuality "1"]

1. d4 d5 2. c4 c6 3. cxd5 cxd5 4. Nc3 Nc6 5. Nf3 Nf6 6. Bf4 e6 7. e3 Bb4 8. Bd3 0-0 9. 0-0 a6 10. Qe2 Re8 11. e4 dxe4 12. Nxe4 Nxd4 13. Nxd4 Qxd4 14. Nxf6+ Qxf6 15. Qe4 Ba5 16. Qxh7+ Kf8 17. Bd6+ Re7 18. Qh8# 1-0

[Event "COL-ch sf"]
[Site "Palmira"]
[Date "2020.11.15"]
[Round "6"]
[White "Gomez Saenz, Manuela"]
[Black "Remicio Gomez, Joshua Santiago"]
[Result "0-1"]
[WhiteElo "1564"]
[BlackElo "1221"]
[PlyCount "52"]
[EventDate "2020.11.12"]
[EventType "swiss"]
[EventRounds "8"]
[EventCountry "COL"]
[SourceTitle "CBM 199 Extra"]
[Source "ChessBase"]
[SourceDate "2021.01.31"]
[SourceVersion "1"]
[SourceVersionDate "2021.01.31"]
[SourceQuality "1"]

1. e4 c5 2. Nf3 d6 3. d4 cxd4 4. Nxd4 Nf6 5. Nc3 a6 6. Be2 e6 7. Be3 Be7 8. 0-0 Nbd7 9. a4 Qc7 10. f4 0-0 11. Bf3 Rb8 12. Kh1 b6 13. g4 Bb7 14. g5 Ne8 15. Bg2 Rc8 16. Rf3 Nc5 17. Rh3 g6 18. Qe1 f6 19. Rd1 e5 20. Nf3 fxg5 21. fxe5 g4 22. Rg3 gxf3 23. Bxf3 Bh4 24. Rxg6+ hxg6 25. Qxh4 Rxf3 26. Rg1 Qg7 0-1

[Event "COL-ch sf"]
[Site "Palmira"]
[Date "2020.11.14"]
[Round "4"]
[White "Remicio Duque, John H"]
[Black "Remicio Gomez, Joshua Santiago"]
[Result "1-0"]
[WhiteElo "1994"]
[BlackElo "1221"]
[PlyCount "41"]
[EventDate "2020.11.12"]
[EventType "swiss"]
[EventRounds "8"]
[EventCountry "COL"]
[SourceTitle "CBM 199 Extra"]
[Source "ChessBase"]
[SourceDate "2021.01.31"]
[SourceVersion "1"]
[SourceVersionDate "2021.01.31"]
[SourceQuality "1"]

1. e4 c5 2. Nf3 d6 3. d4 cxd4 4. c3 dxc3 5. Nxc3 Nc6 6. Bc4 Nf6 7. 0-0 Bg4 8. Qb3 Qc7 9. Bxf7+ Kd8 10. Nd5 Nxd5 11. exd5 Bxf3 12. Qxf3 Nd4 13. Qe4 Qc4 14. Re1 Rc8 15. Bg5 Rc7 16. Rac1 Qb4 17. Rxc7 Kxc7 18. Rc1+ Kd7 19. Qe6+ Nxe6 20. Bxe6+ Kd8 21. Rc8# 1-0

[Event "COL-ch sf1"]
[Site "Medellin"]
[Date "2019.04.21"]
[Round "10"]
[White "Gomez Diaz, Hector Javier"]
[Black "Remicio Gomez, Joshua Santiago"]
[Result "1-0"]
[WhiteElo "1649"]
[BlackElo "1280"]
[PlyCount "61"]
[EventDate "2019.04.16"]
[EventType "swiss"]
[EventRounds "10"]
[EventCountry "COL"]
[SourceTitle "CBM 190 Extra"]
[Source "ChessBase"]
[SourceDate "2019.07.15"]
[SourceVersion "1"]
[SourceVersionDate "2019.07.15"]
[SourceQuality "1"]

1. d4 d5 2. Nf3 Nc6 3. Bf4 Nf6 4. h3 Bf5 5. e3 e6 6. Bb5 Bb4+ 7. c3 Be7 8. Bxc6+ bxc6 9. Ne5 Bd6 10. Nxc6 Qd7 11. Bxd6 Qxd6 12. Ne5 0-0 13. 0-0 Rab8 14. b3 c5 15. Nd2 cxd4 16. cxd4 Rfc8 17. Qe2 Rc2 18. Rfc1 Rbc8 19. Rxc2 Rxc2 20. Qe1 Qb4 21. Ndf3 Rc3 22. Rc1 Bc2 23. Qd2 Ne4 24. Qe1 Qa3 25. Nd2 Nd6 26. Nb1 Bxb1 27. Qxc3 Bxa2 28. Qc5 Qxc5 29. dxc5 Nc8 30. b4 f6 31. Nc6 1-0

[Event "COL-ch sf1"]
[Site "Medellin"]
[Date "2019.04.18"]
[Round "5"]
[White "Negron Lizarazo, Juan Sebastian"]
[Black "Remicio Gomez, Joshua Santiago"]
[Result "1-0"]
[WhiteElo "1333"]
[BlackElo "1280"]
[PlyCount "59"]
[EventDate "2019.04.16"]
[EventType "swiss"]
[EventRounds "10"]
[EventCountry "COL"]
[SourceTitle "CBM 190 Extra"]
[Source "ChessBase"]
[SourceDate "2019.07.15"]
[SourceVersion "1"]
[SourceVersionDate "2019.07.15"]
[SourceQuality "1"]

1. d4 d5 2. e3 Nc6 3. c3 Bf5 4. Bd3 Bxd3 5. Qxd3 Nf6 6. Nf3 e6 7. 0-0 Be7 8. Nbd2 0-0 9. b3 Re8 10. Bb2 Bd6 11. e4 e5 12. dxe5 dxe4 13. Nxe4 Nxe4 14. Qxe4 Nxe5 15. Qxb7 Nxf3+ 16. Qxf3 Rb8 17. Rad1 Qh4 18. h3 Qd8 19. c4 Qc8 20. Qc3 Be5 21. Qc2 Bxb2 22. Qxb2 Re6 23. Rfe1 Rg6 24. Qe2 Re6 25. Qf3 Rxe1+ 26. Rxe1 g6 27. Re7 f5 28. Qd5+ Kh8 29. Qe5+ Kg8 30. Qg7# 1-0

[Event "COL-ch sf1"]
[Site "Medellin"]
[Date "2019.04.16"]
[Round "1"]
[White "Alvarez Angel, Nelson Eduardo"]
[Black "Remicio Gomez, Joshua Santiago"]
[Result "1-0"]
[WhiteElo "1974"]
[BlackElo "1280"]
[PlyCount "57"]
[EventDate "2019.04.16"]
[EventType "swiss"]
[EventRounds "10"]
[EventCountry "COL"]
[SourceTitle "CBM 190 Extra"]
[Source "ChessBase"]
[SourceDate "2019.07.15"]
[SourceVersion "1"]
[SourceVersionDate "2019.07.15"]
[SourceQuality "1"]

1. d4 d5 2. c4 e6 3. Nc3 Be7 4. cxd5 exd5 5. Qc2 Nf6 6. Bg5 Nbd7 7. e3 0-0 8. Bd3 g6 9. Nge2 b6 10. Nf4 Qe8 11. h4 Kh8 12. h5 Bb7 13. hxg6 Ne4 14. Bxe7 Qxe7 15. Ncxd5 Bxd5 16. Nxd5 Qd6 17. Rxh7+ Kg8 18. Bxe4 c6 19. gxf7+ Rxf7 20. Rxf7 Kxf7 21. Nc3 Ke7 22. 0-0-0 Qf6 23. d5 c5 24. d6+ Kd8 25. Bxa8 a6 26. Qh7 Ne5 27. Bc6 Nxc6 28. Qc7+ Ke8 29. d7+ 1-0